Southville International School and Colleges
Your cart is empty.
  • Cart
  • Lists
    Public lists Eva Luna New books Lux_list list_1
    Your lists Log in to create your own lists
  • Log in to your account
  • Your cookies
  • Search history
Southville International School and Colleges
  • Advanced search
  • Recent comments
  • Most popular
  • Libraries

Log in to your account

Log in with GOOGLE


If you do not have an external account, but do have a local account, you can still log in:

  1. Home
  2. MARC view: Look at laboratory investigations in anatomy and physiology /
Normal view MARC view ISBD view

Look at laboratory investigations in anatomy and physiology / (Record no. 16375)

[ view plain ]
MARC details
000 -LEADER
fixed length control field 00586nam a22002057a 4500
003 - CONTROL NUMBER IDENTIFIER
control field EBay
005 - DATE AND TIME OF LATEST TRANSACTION
control field 20141105095828.0
008 - FIXED-LENGTH DATA ELEMENTS--GENERAL INFORMATION
fixed length control field 130304t xxu||||| |||| 00| 0 eng d
020 ## - INTERNATIONAL STANDARD BOOK NUMBER
International Standard Book Number 9780805353235
020 ## - INTERNATIONAL STANDARD BOOK NUMBER
International Standard Book Number 9789810698171
050 ## - LIBRARY OF CONGRESS CALL NUMBER
Classification number QP 34.5
Item number .Sa245 2007
100 ## - MAIN ENTRY--PERSONAL NAME
Personal name Sarikas, Stephen N.
245 ## - TITLE STATEMENT
Title Look at laboratory investigations in anatomy and physiology /
Statement of responsibility, etc Stephen N. Sarikas.
260 ## - PUBLICATION, DISTRIBUTION, ETC. (IMPRINT)
Name of publisher, distributor, etc Pearson Education South Asia,
Date of publication, distribution, etc 2006.
Place of publication, distribution, etc New York:
300 ## - PHYSICAL DESCRIPTION
Extent 688 p. :
Dimensions 23 cm.
Other physical details ill. ;
562 ## - COPY AND VERSION IDENTIFICATION NOTE
Number of copies 1
650 ## - SUBJECT ADDED ENTRY--TOPICAL TERM
Topical term or geographic name as entry element Anatomy
942 ## - ADDED ENTRY ELEMENTS (KOHA)
Source of classification or shelving scheme Library of Congress Classification
Koha item type Books
Call number prefix Foreign
Holdings
Withdrawn status Lost status Source of classification or shelving scheme Damaged status Home library Current library Shelving location Date acquired Total Checkouts Full call number Barcode Date last seen Copy number Price effective from Koha item type
    Library of Congress Classification   College Library College Library General Circulation Section 03/04/2013   QP 34.5 .Sa245 2007 C13935 05/15/2018 1 03/10/2014 Books

Look at laboratory investigations in anatomy and physiology /

APA

Sarikas S. N., . (2006). Look at laboratory investigations in anatomy and physiology. New York: Pearson Education South Asia.

Chicago

Sarikas Stephen N, . 2006. Look at laboratory investigations in anatomy and physiology. New York: Pearson Education South Asia.

Harvard

Sarikas S. N., . (2006). Look at laboratory investigations in anatomy and physiology. New York: Pearson Education South Asia.

MLA

Sarikas Stephen N, . Look at laboratory investigations in anatomy and physiology. New York: Pearson Education South Asia. 2006.

  • Place hold
  • Print
  • Cite
  • Add to your cart (remove)
  • Save record
    BIBTEX Dublin Core MARCXML MARC (non-Unicode/MARC-8) MARC (Unicode/UTF-8) MARC (Unicode/UTF-8, Standard) MODS (XML) RIS
  • More searches
    Search for this title in:
    Other Libraries (WorldCat) Other Databases (Google Scholar) Online Stores (Bookfinder.com) Open Library (openlibrary.org)

Exporting to Dublin Core...

SOUTHVILLE LIBRARY

Southville International School and Colleges Library

1281 Tropical Ave. Cor. Luxembourg St., BF Homes International, Las Pinas City

Tel. No. 8256374 / 252358 Loc. 117/146

Powered by Koha